[Event "Piverone op 1st"]
[Site "Piverone"]
[Date "2012.03.11"]
[Round "5"]
[White "Arruzza, Francesco"]
[Black "Carraria Martinotti, Ludovico"]
[Result "0-1"]
[WhiteElo "1830"]
[BlackElo "1628"]
[PlyCount "78"]
[EventDate "2012.03.09"]
[EventType "swiss"]
[EventRounds "5"]
[EventCountry "ITA"]
[SourceTitle "EXT 2014"]
[Source "ChessBase"]
[SourceDate "2013.11.20"]
[SourceVersion "1"]
[SourceVersionDate "2013.11.20"]
[SourceQuality "1"]

1. e4 d5 2. exd5 Qxd5 3. Nc3 Qa5 4. d4 Nf6 5. Bd2 c6 6. Ne4 Qf5 7. Nxf6+ Qxf6 8. Nf3 Bg4 9. Bc3 Bxf3 10. gxf3 e6 11. Bd3 Bd6 12. Qe2 Nd7 13. 0-0-0 Qh6+ 14. Kb1 0-0-0 15. Rdg1 Rdg8 16. Rg2 Nf6 17. Be4 Nd5 18. Bxd5 exd5 19. Qd3 Qf6 20. Bd2 Bf4 21. Be3 Bxe3 22. Qxe3 Re8 23. Qd3 g6 24. c3 Re6 25. h4 Rhe8 26. Rgg1 Re2 27. Rf1 Qf4 28. Rd1 Rxf2 29. Rhe1 Rxe1 30. Rxe1 Rxf3 31. Qe2 Qf5+ 32. Ka1 Qe6 33. Qd2 Qh3 34. Qe2 Qxh4 35. a4 Rf4 36. Qe5 Qf6 37. Qe8+ Qd8 38. Qe5 Rf6 39. b4 Re6 0-1

[Event "Piverone op 1st"]
[Site "Piverone"]
[Date "2012.03.10"]
[Round "2"]
[White "Carraria Martinotti, Ludovico"]
[Black "Bosticardo, Andrea"]
[Result "1-0"]
[WhiteElo "1628"]
[BlackElo "1329"]
[PlyCount "99"]
[EventDate "2012.03.09"]
[EventType "swiss"]
[EventRounds "5"]
[EventCountry "ITA"]
[SourceTitle "EXT 2014"]
[Source "ChessBase"]
[SourceDate "2013.11.20"]
[SourceVersion "1"]
[SourceVersionDate "2013.11.20"]
[SourceQuality "1"]

1. e4 d5 2. exd5 Qxd5 3. Nc3 Qd6 4. Nf3 e6 5. d4 Be7 6. Be3 Nf6 7. Bc4 0-0 8. 0-0 b6 9. Nb5 Qd8 10. Bf4 Bb7 11. Bxc7 Qc8 12. b3 Ne4 13. Bxb8 Rxb8 14. Nxa7 Qc7 15. Nb5 Qc8 16. Nd2 Nd6 17. Nxd6 Bxd6 18. Be2 Qc6 19. Bf3 Qc7 20. h3 Rbc8 21. Bxb7 Qxb7 22. c4 Qc7 23. Nf3 Rfd8 24. Qe2 Re8 25. Rfe1 Bb4 26. Red1 Rcd8 27. a3 Bc3 28. Rac1 Bxd4 29. Rxd4 Ra8 30. a4 b5 31. axb5 h6 32. Rcd1 Rf8 33. Qe5 Qe7 34. c5 Ra5 35. Qd6 Qf6 36. b6 Raa8 37. b7 Rab8 38. c6 Rfc8 39. bxc8Q+ Rxc8 40. b4 Ra8 41. c7 Kh7 42. Qd8 Rxd8 43. cxd8Q Qxd8 44. Rxd8 Kg6 45. b5 f5 46. Ne5+ Kh5 47. b6 g5 48. g4+ Kh4 49. Rh8 Kxh3 50. Rxh6# 1-0